Państwa Azji bez sąsiadów - Statystyki

Ogólne statystyki
  • Ten quiz został rozwiązany 28 razy
    14 od ostatniego zresetowania
  • Średni wynik to 5 z 8
Statystyki odpowiedzi
Odpowiedź % Poprawnych
Japonia
85%
Filipiny
77%
Sri Lanka
77%
Malediwy
69%
Cypr
62%
Tajwan
62%
Bahrajn
54%
Singapur
46%
Nie znaleziono quizów pasujących do podanych kryteriów
Rozkład punktacji
Procent ludzi z każdym wynikiem
Percentyl według liczby udzielonych odpowiedzi
Twoja historia wyników
Nie rozwiązałeś tego quizu od ostatniego zresetowania